| 000 | 01181cam a22003374a 4500 | ||
|---|---|---|---|
| 001 | 113144 | ||
| 005 | 20230410120737.0 | ||
| 008 | 000713s2001 nyua b 001 0 eng | ||
| 035 | _a12104859 | ||
| 925 | 0 |
_aacquire _b2 shelf copies _xpolicy default |
|
| 942 |
_2lcc _cbk |
||
| 010 | _a 00058875 | ||
| 020 | _a0195124456 | ||
| 020 | _a0195124464 (pbk.) | ||
| 040 |
_aDLC _cDLC _dDLC |
||
| 042 | _apcc | ||
| 050 | 1 | 4 |
_aHV 40.35 _bH434i 2001 |
| 082 | 0 | 0 | _a361.3/2 |
| 100 | 1 | _aHealy, Lynne M. | |
| 245 | 1 | 0 |
_aInternational social work : _bprofessional action in an interdependent world / _cLynne M. Healy. |
| 260 |
_aNew York : _bOxford University Press, _c2001. |
||
| 300 |
_axvi, 314 p. : _bill. ; _c24 cm. |
||
| 504 | _aIncludes bibliographical references and index. | ||
| 650 | 0 |
_aSocial work _xInternational cooperation. |
|
| 650 | 0 |
_aSocial workers _xVocational guidance. |
|
| 650 | 0 | _aSocial work | |
| 650 | 4 | _aTrabajo social. | |
| 650 | 4 | _aAsistencia social. | |
| 856 | 4 | 2 |
_3Publisher description _uhttp://www.loc.gov/catdir/enhancements/fy0610/00058875-d.html |
| 856 | 4 | 1 |
_3Table of contents only _uhttp://www.loc.gov/catdir/enhancements/fy0610/00058875-t.html |
| 999 |
_c50982 _d50982 |
||